Matemáticas financieras : (Registro nro. 397)
[ vista simple ]
| 000 -LEADER | |
|---|---|
| fixed length control field | 01498nam a2200277Ia 4500 |
| 003 - CONTROL NUMBER IDENTIFIER | |
| control field | PE SENCICO BE |
| 005 - DATE AND TIME OF LATEST TRANSACTION | |
| control field | 20251020182436.0 |
| 008 - FIXED-LENGTH DATA ELEMENTS--GENERAL INFORMATION | |
| fixed length control field | 200515s9999 xx 000 0 und d |
| 020 ## - INTERNATIONAL STANDARD BOOK NUMBER | |
| International Standard Book Number | 958-699-047-8 |
| 040 ## - CATALOGING SOURCE | |
| Original cataloging agency | PE SENCICO BE |
| Transcribing agency | PE SENCICO BE |
| 041 ## - LANGUAGE CODE | |
| Language code of text/sound track or separate title | spa |
| 082 ## - DEWEY DECIMAL CLASSIFICATION NUMBER | |
| Classification number | 510 |
| Item number | A39 |
| 100 1# - MAIN ENTRY--PERSONAL NAME | |
| Personal name | Aliaga Valdez, Carlos |
| 9 (RLIN) | 3102 |
| Relator term | autor |
| 245 10 - TITLE STATEMENT | |
| Title | Matemáticas financieras : |
| Remainder of title | un enfoque práctico / |
| Statement of responsibility, etc. | Carlos Aliaga Valdez, Carlos Aliaga Calderón ; revisión técnica : Alfredo Vento Ortiz |
| 250 ## - EDITION STATEMENT | |
| Edition statement | 1a ed. |
| 260 ## - PUBLICATION, DISTRIBUTION, ETC. | |
| Place of publication, distribution, etc. | Bogotá : |
| Name of publisher, distributor, etc. | Prentice Hall : |
| -- | Pearson educación de Colombia ; |
| Date of publication, distribution, etc. | 2002 |
| 300 ## - PHYSICAL DESCRIPTION | |
| Extent | 410 páginas : |
| Other physical details | ilustraciones, tablas ; |
| Dimensions | 25 cm. |
| 505 0# - FORMATTED CONTENTS NOTE | |
| Formatted contents note | Interés simple -- Interés compuesto -- Descuento -- Tasas -- Inflación y devaluación -- Anualidades vencidas -- Anualidades anticipadas -- Anualidades diferidas -- Perpetuidades -- Anualidades generales -- Gradientes -- Fondos de amortización -- Amortización -- Indicadores VAN y TIR |
| 520 3# - SUMMARY, ETC. | |
| Summary, etc. | Esta obra incluye los temas más actualizados e importantes de matemáticas financieras. También presenta las herramientas y los modelos de solución de esta actividad en un contexto tecnológico, con la ayuda de las Funciones Financieras Personalizadas (FFP) |
| 650 10 - SUBJECT ADDED ENTRY--TOPICAL TERM | |
| Topical term or geographic name entry element | Matemáticas financieras |
| 9 (RLIN) | 2274 |
| 650 20 - SUBJECT ADDED ENTRY--TOPICAL TERM | |
| Topical term or geographic name entry element | Interés |
| 9 (RLIN) | 3103 |
| 650 20 - SUBJECT ADDED ENTRY--TOPICAL TERM | |
| Topical term or geographic name entry element | Tasas de interés |
| 9 (RLIN) | 3104 |
| 700 1# - ADDED ENTRY--PERSONAL NAME | |
| 9 (RLIN) | 3105 |
| Personal name | Aliaga Calderón, Carlos |
| Relator term | autor |
| 710 1# - ADDED ENTRY--CORPORATE NAME | |
| 9 (RLIN) | 3106 |
| Corporate name or jurisdiction name as entry element | Vento Ortiz, Alfredo |
| Relator term | revisión |
| 942 ## - ADDED ENTRY ELEMENTS (KOHA) | |
| Koha item type | Libros |
| Source of classification or shelving scheme | Dewey Decimal Classification |
| Fecha de la última vez que lo usaron | Número de ingreso o de inventario | Pago total | Signatura topográfica completa | Código de barras | Precio efectivo desde | Tipo de documento | Estado perdido | Sistema de clasificación | Estado dañado | No es para préstamo | Retirado | Ubicación permanente | Ubicación actual | Fecha de adquisición |
|---|---|---|---|---|---|---|---|---|---|---|---|---|---|---|
| 15/05/2020 | 12742 | 658.4033/A39 | BibLima25050029 | 15/05/2020 | Libros | Dewey Decimal Classification | Biblioteca Central Lima | Biblioteca Central Lima | 15/05/2020 |